000 00819nam a2200241 a 4500
001 4128
005 20140414131952.0
008 090209s19uu xx 00 eng d
020 _a1-4042-5133-2
050 _aTR 912.01
_bZ8 2005
100 _aZuravicky, Orli
245 _aMap math :
_cOrli Zuravicky.
_blearning about latitude and longitude using coordinate systems /
260 _aNew York :
_bThe Rosen,
_cc2005.
300 _a32 p. : col., ill. cm.
440 _aPowerMath
500 _aIncludes index.
520 _aContents: What is a map?--Global direction--Latitude and Longitude--Mapping global differences--Our world.
650 _aMap reading
_xJuvenile literature.
650 _aLatitude
_xJuvenile literature.
650 _aLongitude
_xJuvenile literature.
999 _c112809
_d112809